| 000 | 00953nam a22002177a 4500 | ||
|---|---|---|---|
| 003 | OSt | ||
| 005 | 20151026133603.0 | ||
| 008 | 130718s2012 sp ||||| |||| 00| 0 spa d | ||
| 040 | _cCDMR | ||
| 100 | 1 |
_93991 _aBallano Macías, Sonia |
|
| 245 | 1 | 2 |
_a¿ Una pantalla que educa ? _bLa pedagogía de los medios de comunicación en la ESO _cSonia Ballano Macías ; Ferran Sáez Mateu (director) _h[recurs electrònic] |
| 260 |
_aBarcelona _c2012 |
||
| 300 | _a611 p. | ||
| 502 |
_aTesi defensada el 13 de juliol de 2012, _cUniversitat Ramon Llull. FCCB - Comunicació |
||
| 650 | 0 | 4 |
_93081 _aMitjans de comunicació de massa i educació |
| 650 | 0 | 4 |
_92994 _aTesis i dissertacions acadèmiques |
| 700 | 1 |
_9365 _aSáez Mateu, Ferran |
|
| 710 | 2 |
_93392 _aFacultat de Ciències de la Comunicació Blanquerna _b -- Facultat de Ciències de la Comunicació Blanquerna |
|
| 856 | 4 | 0 |
_uhttp://hdl.handle.net/10803/83863 _yDisponible en línia (TDX) |
| 942 |
_2udc _cTSN-E |
||
| 999 |
_c6614 _d6614 |
||